Deconstruction: omnibus volume
Bewaard in:
| Hoofdauteurs: | , , |
|---|---|
| Formaat: | Boek |
| Taal: | Engels |
| Gepubliceerd in: |
Londres
Academy Editions
1989
|
| Onderwerpen: | |
| Tags: |
Voeg label toe
Geen labels, Wees de eerste die dit record labelt!
|
MARC
| LEADER | 00000nam a2200000 a 4500 | ||
|---|---|---|---|
| 001 | UCV8241 | ||
| 003 | CL-VaPUC | ||
| 008 | 901126e19890000UK |||||||||||||||||eng|d | ||
| 082 | 0 | 4 | |a 724.6 |b PAP |2 21 |
| 100 | 0 | |a Papadakis, Andreas |e author |9 302304 | |
| 700 | 0 | |a Cooke, Catherine |e author |9 302305 | |
| 700 | 0 | |a Benjamin, Andrew E |e author |9 302306 | |
| 245 | 1 | 0 | |a Deconstruction: omnibus volume |
| 300 | |a 264 p | ||
| 942 | |c BK | ||
| 945 | |d 19901126 00:00:00 | ||
| 260 | |a Londres |b Academy Editions |c 1989 | ||
| 650 | 7 | |a DECONSTRUCTIVISMO ARQUITECTURA |2 CL-VaPUC |9 266302 | |
| 583 | |a last modification |c 19901126 00:00:00 |k Rodrigo Vera | ||
| 999 | |c 213787 |d 213785 | ||
| 952 | |0 0 |1 0 |4 0 |6 724_600000000000000_PAP_1989 |7 0 |8 A |9 196511 |a BIBARQ |b BIBARQ |d 2019-11-14 |i 2644002 |l 2 |o 724.6 PAP 1989 |p 2644002 |r 2025-03-25 |s 2025-03-25 |w 2019-11-14 |y BK |k ARQ | ||